Lines, networks and filters
I tiakina i:
| Ngā kaituhi matua: | , |
|---|---|
| Hōputu: | Pukapuka |
| Reo: | Ingarihi |
| I whakaputaina: |
Scranton
International Textbook Company
1951
|
| Rangatū: | International Textbooks in Electrical Engineering
|
| Ngā marau: | |
| Ngā Tūtohu: |
Tāpirihia he Tūtohu
Kāore He Tūtohu, Me noho koe te mea tuatahi ki te tūtohu i tēnei pūkete!
|
MARC
| LEADER | 00000nam a2200000 a 4500 | ||
|---|---|---|---|
| 001 | UCU5987 | ||
| 003 | CL-VaPUC | ||
| 008 | 960614e19510000us |||||||||||||||||eng|d | ||
| 082 | 0 | 4 | |a 621.382 |b BRE |2 21 |
| 100 | 0 | |a Breazeale, William M |e author |9 364078 | |
| 700 | 0 | |a Quarles, Lawrence R |e author |9 364079 | |
| 245 | 1 | 0 | |a Lines, networks and filters |
| 300 | |a 293 p | ||
| 942 | |c BK | ||
| 945 | |d 19960614 00:00:00 |a cmena | ||
| 260 | |a Scranton |b International Textbook Company |c 1951 | ||
| 650 | 0 | |a Circuitos electrónicos |9 260204 | |
| 650 | 0 | |a Ondas de radio |9 263255 | |
| 650 | 0 | |a Telecomunicaciones |9 257195 | |
| 650 | 0 | |a Alternadores |9 361232 | |
| 650 | 0 | |a Voltaje |9 362861 | |
| 583 | |a last modification |c 20161205 02:41:49 |k Rodrigo Vera | ||
| 490 | 0 | |a International Textbooks in Electrical Engineering | |
| 999 | |c 249092 |d 249090 | ||
| 952 | |0 0 |1 0 |4 0 |6 621_382000000000000_BRE_1951 |7 0 |8 A |9 266127 |a BIBING |b BIBING |d 2019-11-19 |i 1678973 |o 621.382 BRE 1951 |p 1678973 |r 2025-01-20 |w 2019-11-19 |y BK |k EIE | ||